[Event "ODJM C 2025"]
[Site "Willingen GER"]
[Date "2025.06.13"]
[Round "8"]
[White "Bathmann, Severin"]
[Black "Giss, Marlene"]
[Result "0-1"]
[Termination "normal"]
[Board "27"]
[WhiteElo "1107"]
[BlackElo "939"]
[WhiteClock "01:11:13"]
[BlackClock "01:23:48"]
[PlyCount "122"]
[WhiteFideId "34697276"]
[BlackFideId "533018391"]
[EventCountry "GER"]
[EventRounds "9"]
[EventType "swiss"]
[EventDate "2025.06.07"]

1. e4 {[%clk 01:30:53]} {[%emt 00:00:07]} c5 {[%clk 01:30:48]} {[%emt
00:00:13]} 2. Nf3 {[%clk 01:31:15]} {[%emt 00:00:08]} Nf6 {[%clk 01:30:58]}
{[%emt 00:00:19]} 3. e5 {[%clk 01:31:35]} {[%emt 00:00:11]} Nd5 {[%clk
01:31:13]} {[%emt 00:00:14]} 4. c3 {[%clk 01:31:46]} {[%emt 00:00:20]} e6
{[%clk 01:31:12]} {[%emt 00:00:30]} 5. d4 {[%clk 01:32:03]} {[%emt 00:00:13]}
cxd4 {[%clk 01:31:26]} {[%emt 00:00:16]} 6. cxd4 {[%clk 01:32:28]} {[%emt
00:00:06]} d6 {[%clk 01:31:18]} {[%emt 00:00:37]} 7. Nc3 {[%clk 01:31:48]}
{[%emt 00:01:10]} Nxc3 {[%clk 01:31:31]} {[%emt 00:00:17]} 8. bxc3 {[%clk
01:32:08]} {[%emt 00:00:11]} dxe5 {[%clk 01:30:28]} {[%emt 00:01:33]} 9. Nxe5
{[%clk 01:32:19]} {[%emt 00:00:19]} Bd6 {[%clk 01:30:14]} {[%emt 00:00:43]} 10.
Bf4 {[%clk 01:32:13]} {[%emt 00:00:36]} Bd7 {[%clk 01:29:06]} {[%emt 00:01:38]}
11. Nxd7 {[%clk 01:32:21]} {[%emt 00:00:22]} Qxd7 {[%clk 01:29:18]} {[%emt
00:00:18]} 12. Bxd6 {[%clk 01:32:24]} {[%emt 00:00:28]} Qxd6 {[%clk 01:29:09]}
{[%emt 00:00:37]} 13. Be2 {[%clk 01:32:43]} {[%emt 00:00:12]} O-O {[%clk
01:29:20]} {[%emt 00:00:19]} 14. O-O {[%clk 01:32:29]} {[%emt 00:00:44]} Nc6
{[%clk 01:29:18]} {[%emt 00:00:32]} 15. Qd3 {[%clk 01:30:48]} {[%emt 00:02:12]}
e5 {[%clk 01:28:34]} {[%emt 00:01:13]} 16. Rad1 {[%clk 01:27:06]} {[%emt
00:04:13]} Rfd8 {[%clk 01:28:07]} {[%emt 00:00:56]} 17. Qg3 {[%clk 01:27:15]}
{[%emt 00:00:21]} exd4 {[%clk 01:28:05]} {[%emt 00:00:32]} 18. Qxd6 {[%clk
01:27:24]} {[%emt 00:00:22]} Rxd6 {[%clk 01:28:17]} {[%emt 00:00:17]} 19. cxd4
{[%clk 01:27:00]} {[%emt 00:00:55]} Nxd4 {[%clk 01:28:19]} {[%emt 00:00:28]}
20. Bg4 {[%clk 01:26:44]} {[%emt 00:00:45]} Re8 {[%clk 01:27:44]} {[%emt
00:01:05]} 21. h3 {[%clk 01:25:47]} {[%emt 00:01:27]} b5 {[%clk 01:23:06]}
{[%emt 00:05:09]} 22. Bf5 {[%clk 01:23:42]} {[%emt 00:02:34]} Re5 {[%clk
01:22:36]} {[%emt 00:00:59]} 23. Bd3 {[%clk 01:23:20]} {[%emt 00:00:54]} Red5
{[%clk 01:22:25]} {[%emt 00:00:40]} 24. Rfe1 {[%clk 01:22:34]} {[%emt
00:01:16]} Rd8 {[%clk 01:21:49]} {[%emt 00:01:06]} 25. Kh2 {[%clk 01:18:26]}
{[%emt 00:04:38]} b4 {[%clk 01:21:33]} {[%emt 00:00:45]} 26. Be4 {[%clk
01:17:23]} {[%emt 00:01:26]} R5d6 {[%clk 01:20:52]} {[%emt 00:01:19]} 27. Rd3
{[%clk 01:17:03]} {[%emt 00:00:51]} f5 {[%clk 01:19:50]} {[%emt 00:01:31]} 28.
Bf3 {[%clk 01:15:20]} {[%emt 00:02:13]} Nc2 {[%clk 01:19:11]} {[%emt 00:01:09]}
29. Rxd6 {[%clk 01:14:58]} {[%emt 00:00:53]} Rxd6 {[%clk 01:19:20]} {[%emt
00:00:20]} 30. Re8+ {[%clk 01:15:12]} {[%emt 00:00:16]} Kf7 {[%clk 01:19:08]}
{[%emt 00:00:41]} 31. Rb8 {[%clk 01:15:29]} {[%emt 00:00:14]} Ra6 {[%clk
01:19:02]} {[%emt 00:00:34]} 32. Be2 {[%clk 01:15:36]} {[%emt 00:00:24]} Rb6
{[%clk 01:18:47]} {[%emt 00:00:46]} 33. Rxb6 {[%clk 01:15:33]} {[%emt
00:00:33]} axb6 {[%clk 01:18:59]} {[%emt 00:00:18]} 34. Bc4+ {[%clk 01:15:17]}
{[%emt 00:00:46]} Kf6 {[%clk 01:18:55]} {[%emt 00:00:33]} 35. Bb3 {[%clk
01:15:02]} {[%emt 00:00:46]} Nd4 {[%clk 01:18:36]} {[%emt 00:00:48]} 36. Kg1
{[%clk 01:14:37]} {[%emt 00:00:56]} Nxb3 {[%clk 01:18:48]} {[%emt 00:00:19]}
37. axb3 {[%clk 01:14:57]} {[%emt 00:00:10]} Ke5 {[%clk 01:19:11]} {[%emt
00:00:06]} 38. Kf1 {[%clk 01:15:23]} {[%emt 00:00:05]} Kd4 {[%clk 01:19:31]}
{[%emt 00:00:10]} 39. Ke2 {[%clk 01:12:41]} {[%emt 00:03:11]} Kc3 {[%clk
01:19:40]} {[%emt 00:00:21]} 40. Kd1 {[%clk 01:13:02]} {[%emt 00:00:10]} Kxb3
{[%clk 01:19:58]} {[%emt 00:00:11]} 41. Ke2 {[%clk 01:12:07]} {[%emt 00:01:26]}
Kc2 {[%clk 01:20:06]} {[%emt 00:00:22]} 42. Kf3 {[%clk 01:12:29]} {[%emt
00:00:08]} b3 {[%clk 01:20:21]} {[%emt 00:00:15]} 43. Kf4 {[%clk 01:12:58]}
{[%emt 00:00:02]} b2 {[%clk 01:20:35]} {[%emt 00:00:16]} 44. Kxf5 {[%clk
01:13:23]} {[%emt 00:00:05]} b1=Q {[%clk 01:20:47]} {[%emt 00:00:17]} 45. Kg5
{[%clk 01:13:21]} {[%emt 00:00:33]} Qb4 {[%clk 01:20:58]} {[%emt 00:00:17]} 46.
g4 {[%clk 01:12:39]} {[%emt 00:01:13]} Qd2+ {[%clk 01:21:05]} {[%emt 00:00:23]}
47. f4 {[%clk 01:12:55]} {[%emt 00:00:15]} h6+ {[%clk 01:20:55]} {[%emt
00:00:38]} 48. Kf5 {[%clk 01:13:12]} {[%emt 00:00:14]} Qd5+ {[%clk 01:21:06]}
{[%emt 00:00:20]} 49. Kg6 {[%clk 01:13:07]} {[%emt 00:00:36]} Qe4+ {[%clk
01:21:17]} {[%emt 00:00:19]} 50. f5 {[%clk 01:13:12]} {[%emt 00:00:26]} Qh1
{[%clk 01:21:24]} {[%emt 00:00:21]} 51. Kxg7 {[%clk 01:12:52]} {[%emt
00:00:50]} Qxh3 {[%clk 01:21:39]} {[%emt 00:00:15]} 52. f6 {[%clk 01:12:50]}
{[%emt 00:00:32]} Qxg4+ {[%clk 01:21:30]} {[%emt 00:00:38]} 53. Kxh6 {[%clk
01:13:09]} {[%emt 00:00:13]} Qg8 {[%clk 01:21:44]} {[%emt 00:00:14]} 54. Kh5
{[%clk 01:13:08]} {[%emt 00:00:32]} Kd3 {[%clk 01:21:57]} {[%emt 00:00:16]} 55.
Kh6 {[%clk 01:13:18]} {[%emt 00:00:22]} Ke4 {[%clk 01:22:12]} {[%emt 00:00:13]}
56. f7 {[%clk 01:11:38]} {[%emt 00:02:12]} Qxf7 {[%clk 01:22:28]} {[%emt
00:00:12]} 57. Kg5 {[%clk 01:12:04]} {[%emt 00:00:06]} Qf4+ {[%clk 01:22:37]}
{[%emt 00:00:19]} 58. Kg6 {[%clk 01:12:05]} {[%emt 00:00:31]} Qf5+ {[%clk
01:22:55]} {[%emt 00:00:11]} 59. Kg7 {[%clk 01:12:00]} {[%emt 00:00:35]} Qe6
{[%clk 01:23:12]} {[%emt 00:00:12]} 60. Kf8 {[%clk 01:11:37]} {[%emt 00:00:54]}
Qd7 {[%clk 01:23:32]} {[%emt 00:00:10]} 61. Kg8 {[%clk 01:11:13]} {[%emt
00:00:54]} Kf5 {[%clk 01:23:48]} {[%emt 00:00:13]} 0-1

[Event "ODJM C 2025"]
[Site "Willingen GER"]
[Date "2025.06.13"]
[Round "8"]
[White "Richter, Mila"]
[Black "Wagner, Valentin Thien-Phú"]
[Result "1-0"]
[Termination "normal"]
[Board "29"]
[WhiteElo "1231"]
[BlackElo "1401"]
[WhiteClock "01:11:39"]
[BlackClock "00:19:24"]
[PlyCount "81"]
[WhiteFideId "533025568"]
[BlackFideId "34603492"]
[EventCountry "GER"]
[EventRounds "9"]
[EventType "swiss"]
[EventDate "2025.06.07"]

1. e4 {[%clk 01:30:59]} {[%emt 00:00:01]} c5 {[%clk 01:31:19]} {[%emt
00:00:10]} 2. Nf3 {[%clk 01:31:22]} {[%emt 00:00:08]} g6 {[%clk 01:31:42]}
{[%emt 00:00:07]} 3. d4 {[%clk 01:31:26]} {[%emt 00:00:27]} cxd4 {[%clk
01:32:08]} {[%emt 00:00:04]} 4. Qxd4 {[%clk 01:31:23]} {[%emt 00:00:31]} Nf6
{[%clk 01:31:56]} {[%emt 00:00:42]} 5. e5 {[%clk 01:31:30]} {[%emt 00:00:24]}
Nc6 {[%clk 01:29:42]} {[%emt 00:02:45]} 6. Qc4 {[%clk 01:29:54]} {[%emt
00:02:00]} Qa5+ {[%clk 01:28:31]} {[%emt 00:01:47]} 7. Bd2 {[%clk 01:28:04]}
{[%emt 00:02:19]} Nxe5 {[%clk 01:27:39]} {[%emt 00:01:23]} 8. Bxa5 {[%clk
01:27:11]} {[%emt 00:01:23]} Nxc4 {[%clk 01:28:00]} {[%emt 00:00:09]} 9. Bxc4
{[%clk 01:27:32]} {[%emt 00:00:08]} b6 {[%clk 01:27:40]} {[%emt 00:00:50]} 10.
Bc3 {[%clk 01:27:31]} {[%emt 00:00:29]} Bg7 {[%clk 01:26:52]} {[%emt 00:01:19]}
11. Nbd2 {[%clk 01:26:13]} {[%emt 00:01:48]} O-O {[%clk 01:26:32]} {[%emt
00:00:51]} 12. h3 {[%clk 01:25:06]} {[%emt 00:01:35]} Bb7 {[%clk 01:25:34]}
{[%emt 00:01:30]} 13. O-O-O {[%clk 01:24:28]} {[%emt 00:01:08]} Rad8 {[%clk
01:21:32]} {[%emt 00:04:32]} 14. Rhe1 {[%clk 01:24:16]} {[%emt 00:00:40]} e6
{[%clk 01:14:30]} {[%emt 00:07:34]} 15. Kb1 {[%clk 01:23:30]} {[%emt 00:01:16]}
d5 {[%clk 01:12:32]} {[%emt 00:02:28]} 16. Bb3 {[%clk 01:22:40]} {[%emt
00:01:20]} a5 {[%clk 01:08:56]} {[%emt 00:04:07]} 17. Be5 {[%clk 01:22:15]}
{[%emt 00:00:48]} Bc6 {[%clk 01:03:18]} {[%emt 00:06:15]} 18. c4 {[%clk
01:19:05]} {[%emt 00:03:39]} dxc4 {[%clk 00:56:17]} {[%emt 00:07:32]} 19. Bxc4
{[%clk 01:16:42]} {[%emt 00:02:52]} b5 {[%clk 00:27:50]} {[%emt 00:28:57]} 20.
Be2 {[%clk 01:13:32]} {[%emt 00:03:40]} Ne4 {[%clk 00:18:12]} {[%emt 00:10:08]}
21. Bxg7 {[%clk 01:11:02]} {[%emt 00:02:59]} Nxd2+ {[%clk 00:18:12]} {[%emt
00:00:31]} 22. Nxd2 {[%clk 01:10:47]} {[%emt 00:00:45]} Kxg7 {[%clk 00:18:13]}
{[%emt 00:00:29]} 23. Bf3 {[%clk 01:10:16]} {[%emt 00:01:00]} Bxf3 {[%clk
00:18:25]} {[%emt 00:00:19]} 24. Nxf3 {[%clk 01:10:37]} {[%emt 00:00:09]} Rxd1+
{[%clk 00:18:37]} {[%emt 00:00:17]} 25. Rxd1 {[%clk 01:10:58]} {[%emt
00:00:09]} f5 {[%clk 00:18:10]} {[%emt 00:00:58]} 26. Kc2 {[%clk 01:10:38]}
{[%emt 00:00:49]} Rc8+ {[%clk 00:18:27]} {[%emt 00:00:14]} 27. Kb3 {[%clk
01:10:51]} {[%emt 00:00:17]} a4+ {[%clk 00:18:04]} {[%emt 00:00:53]} 28. Kb4
{[%clk 01:10:45]} {[%emt 00:00:35]} Rc2 {[%clk 00:17:42]} {[%emt 00:00:53]} 29.
Rd2 {[%clk 01:09:45]} {[%emt 00:01:21]} Rxd2 {[%clk 00:17:18]} {[%emt
00:01:03]} 30. Nxd2 {[%clk 01:09:15]} {[%emt 00:01:00]} h5 {[%clk 00:17:32]}
{[%emt 00:00:16]} 31. Kxb5 {[%clk 01:09:36]} {[%emt 00:00:09]} Kf6 {[%clk
00:17:04]} {[%emt 00:00:58]} 32. Kxa4 {[%clk 01:09:57]} {[%emt 00:00:09]} g5
{[%clk 00:17:07]} {[%emt 00:00:26]} 33. Kb5 {[%clk 01:10:19]} {[%emt 00:00:08]}
g4 {[%clk 00:17:08]} {[%emt 00:00:29]} 34. h4 {[%clk 01:10:12]} {[%emt
00:00:38]} e5 {[%clk 00:17:19]} {[%emt 00:00:19]} 35. a4 {[%clk 01:10:36]}
{[%emt 00:00:07]} f4 {[%clk 00:17:37]} {[%emt 00:00:11]} 36. a5 {[%clk
01:10:58]} {[%emt 00:00:09]} Kf5 {[%clk 00:17:54]} {[%emt 00:00:11]} 37. a6
{[%clk 01:11:19]} {[%emt 00:00:10]} e4 {[%clk 00:18:20]} {[%emt 00:00:04]} 38.
a7 {[%clk 01:11:28]} {[%emt 00:00:22]} e3 {[%clk 00:18:45]} {[%emt 00:00:05]}
39. a8=Q {[%clk 01:11:04]} {[%emt 00:00:54]} exd2 {[%clk 00:19:09]} {[%emt
00:00:05]} 40. Qd5 {[%clk 01:11:18]} {[%emt 00:00:16]} Kg6 {[%clk 00:19:24]}
{[%emt 00:00:15]} 41. Qxd2 {[%clk 01:11:39]} {[%emt 00:00:08]} 1-0

[Event "ODJM C 2025"]
[Site "Willingen GER"]
[Date "2025.06.13"]
[Round "8"]
[White "Kähling, Fiete"]
[Black "Du, Vivian"]
[Result "0-1"]
[Termination "normal"]
[Board "30"]
[WhiteElo "835"]
[BlackElo "1189"]
[WhiteClock "01:11:16"]
[BlackClock "00:33:17"]
[PlyCount "68"]
[WhiteFideId "533046700"]
[BlackFideId "533025924"]
[EventCountry "GER"]
[EventRounds "9"]
[EventType "swiss"]
[EventDate "2025.06.07"]

1. d4 {[%clk 01:30:56]} {[%emt 00:00:03]} d5 {[%clk 01:30:54]} {[%emt
00:00:06]} 2. Nf3 {[%clk 01:31:11]} {[%emt 00:00:15]} Nf6 {[%clk 01:31:05]}
{[%emt 00:00:19]} 3. Bg5 {[%clk 01:31:21]} {[%emt 00:00:20]} Bf5 {[%clk
01:29:52]} {[%emt 00:01:42]} 4. Bxf6 {[%clk 01:31:30]} {[%emt 00:00:22]} exf6
{[%clk 01:30:08]} {[%emt 00:00:14]} 5. e3 {[%clk 01:31:30]} {[%emt 00:00:30]}
c5 {[%clk 01:26:21]} {[%emt 00:04:17]} 6. Bb5+ {[%clk 01:31:01]} {[%emt
00:00:59]} Nd7 {[%clk 01:25:54]} {[%emt 00:00:56]} 7. Bxd7+ {[%clk 01:31:19]}
{[%emt 00:00:13]} Qxd7 {[%clk 01:26:06]} {[%emt 00:00:18]} 8. O-O {[%clk
01:31:35]} {[%emt 00:00:13]} h5 {[%clk 01:18:20]} {[%emt 00:08:16]} 9. c3
{[%clk 01:29:47]} {[%emt 00:02:20]} g5 {[%clk 01:16:38]} {[%emt 00:02:12]} 10.
dxc5 {[%clk 01:25:04]} {[%emt 00:05:13]} Be7 {[%clk 01:13:12]} {[%emt
00:03:56]} 11. b4 {[%clk 01:24:28]} {[%emt 00:01:05]} Kf8 {[%clk 01:11:24]}
{[%emt 00:02:17]} 12. Nd4 {[%clk 01:24:24]} {[%emt 00:00:35]} Bg6 {[%clk
01:11:06]} {[%emt 00:00:48]} 13. Qc1 {[%clk 01:22:44]} {[%emt 00:02:10]} Kg7
{[%clk 01:09:46]} {[%emt 00:01:50]} 14. Re1 {[%clk 01:23:01]} {[%emt 00:00:14]}
g4 {[%clk 01:05:59]} {[%emt 00:04:16]} 15. c4 {[%clk 01:23:16]} {[%emt
00:00:16]} h4 {[%clk 01:02:22]} {[%emt 00:04:07]} 16. cxd5 {[%clk 01:22:38]}
{[%emt 00:01:08]} Qxd5 {[%clk 01:02:30]} {[%emt 00:00:22]} 17. Nc3 {[%clk
01:22:38]} {[%emt 00:00:29]} Qd7 {[%clk 00:59:10]} {[%emt 00:03:50]} 18. f4
{[%clk 01:22:25]} {[%emt 00:00:44]} gxf3 {[%clk 00:57:50]} {[%emt 00:01:49]}
19. Nxf3 {[%clk 01:22:15]} {[%emt 00:00:38]} h3 {[%clk 00:53:55]} {[%emt
00:04:27]} 20. g3 {[%clk 01:22:34]} {[%emt 00:00:12]} Qc6 {[%clk 00:52:49]}
{[%emt 00:01:36]} 21. e4 {[%clk 01:21:46]} {[%emt 00:01:18]} Rad8 {[%clk
00:48:43]} {[%emt 00:04:35]} 22. Qe3 {[%clk 01:20:32]} {[%emt 00:01:44]} a5
{[%clk 00:46:10]} {[%emt 00:03:04]} 23. Nd4 {[%clk 01:20:48]} {[%emt 00:00:14]}
Qd7 {[%clk 00:45:19]} {[%emt 00:01:21]} 24. Nf5+ {[%clk 01:19:44]} {[%emt
00:01:33]} Bxf5 {[%clk 00:41:44]} {[%emt 00:04:05]} 25. exf5 {[%clk 01:18:06]}
{[%emt 00:02:09]} axb4 {[%clk 00:39:44]} {[%emt 00:02:29]} 26. Qxe7 {[%clk
01:18:20]} {[%emt 00:00:16]} bxc3 {[%clk 00:38:44]} {[%emt 00:01:30]} 27. Qxd7
{[%clk 01:18:03]} {[%emt 00:00:47]} Rxd7 {[%clk 00:39:07]} {[%emt 00:00:07]}
28. Rec1 {[%clk 01:18:07]} {[%emt 00:00:25]} Rd3 {[%clk 00:39:07]} {[%emt
00:00:31]} 29. Rab1 {[%clk 01:18:04]} {[%emt 00:00:33]} Ra8 {[%clk 00:38:02]}
{[%emt 00:01:36]} 30. Rb3 {[%clk 01:16:51]} {[%emt 00:01:42]} Rxa2 {[%clk
00:35:36]} {[%emt 00:02:56]} 31. Rbxc3 {[%clk 01:16:59]} {[%emt 00:00:22]} Rdd2
{[%clk 00:35:35]} {[%emt 00:00:30]} 32. Rf3 {[%clk 01:11:19]} {[%emt 00:06:11]}
Rxh2 {[%clk 00:35:29]} {[%emt 00:00:36]} 33. Rb1 {[%clk 01:10:53]} {[%emt
00:00:57]} Rag2+ {[%clk 00:35:46]} {[%emt 00:00:13]} 34. Kf1 {[%clk 01:11:16]}
{[%emt 00:00:07]} Rh1# {[%clk 00:33:17]} {[%emt 00:02:16]} 0-1

[Event "ODJM C 2025"]
[Site "Willingen GER"]
[Date "2025.06.13"]
[Round "8"]
[White "Martens, Nele"]
[Black "Volkmann, Alexej"]
[Result "1-0"]
[Termination "normal"]
[Board "31"]
[WhiteElo "1036"]
[BlackElo "834"]
[WhiteClock "01:17:05"]
[BlackClock "01:24:57"]
[PlyCount "115"]
[WhiteFideId "533001952"]
[BlackFideId "533006644"]
[EventCountry "GER"]
[EventRounds "9"]
[EventType "swiss"]
[EventDate "2025.06.07"]

1. e4 {[%clk 01:30:59]} {[%emt 00:17:01]} e5 {[%clk 01:30:53]} {[%emt
00:00:07]} 2. Nc3 {[%clk 01:31:23]} {[%emt 00:00:07]} Bc5 {[%clk 01:31:08]}
{[%emt 00:00:14]} 3. Nf3 {[%clk 01:31:24]} {[%emt 00:00:29]} Nc6 {[%clk
01:31:11]} {[%emt 00:00:27]} 4. Bc4 {[%clk 01:31:25]} {[%emt 00:00:28]} d6
{[%clk 01:31:21]} {[%emt 00:00:21]} 5. d3 {[%clk 01:31:19]} {[%emt 00:00:36]}
h6 {[%clk 01:31:27]} {[%emt 00:00:24]} 6. O-O {[%clk 01:31:03]} {[%emt
00:00:46]} Nf6 {[%clk 01:31:39]} {[%emt 00:00:19]} 7. Be3 {[%clk 01:30:57]}
{[%emt 00:00:35]} Bxe3 {[%clk 01:31:32]} {[%emt 00:00:37]} 8. fxe3 {[%clk
01:31:04]} {[%emt 00:00:23]} O-O {[%clk 01:31:35]} {[%emt 00:00:27]} 9. d4
{[%clk 01:31:04]} {[%emt 00:00:30]} exd4 {[%clk 01:31:43]} {[%emt 00:00:22]}
10. exd4 {[%clk 01:31:06]} {[%emt 00:00:29]} Bg4 {[%clk 01:31:56]} {[%emt
00:00:17]} 11. h3 {[%clk 01:30:38]} {[%emt 00:00:57]} Bh5 {[%clk 01:31:06]}
{[%emt 00:01:21]} 12. e5 {[%clk 01:29:17]} {[%emt 00:01:50]} dxe5 {[%clk
01:30:09]} {[%emt 00:01:27]} 13. dxe5 {[%clk 01:29:15]} {[%emt 00:00:33]} Nxe5
{[%emt 00:00:17]} 14. Qxd8 {[%clk 01:29:09]} {[%emt 00:00:27]} Raxd8 {[%clk
01:30:51]} {[%emt 00:00:09]} 15. Nxe5 {[%clk 01:28:58]} {[%emt 00:00:42]} Rd4
{[%clk 01:28:57]} {[%emt 00:02:24]} 16. b3 {[%clk 01:26:53]} {[%emt 00:02:34]}
a6 {[%clk 01:28:44]} {[%emt 00:00:44]} 17. Be2 {[%clk 01:25:42]} {[%emt
00:01:40]} Bxe2 {[%clk 01:28:37]} {[%emt 00:00:37]} 18. Nxe2 {[%clk 01:25:32]}
{[%emt 00:00:40]} Rd2 {[%clk 01:28:55]} {[%emt 00:00:12]} 19. Rae1 {[%clk
01:22:48]} {[%emt 00:03:13]} Rxc2 {[%clk 01:28:57]} {[%emt 00:00:28]} 20. a4
{[%clk 01:22:59]} {[%emt 00:00:20]} b5 {[%clk 01:28:53]} {[%emt 00:00:34]} 21.
axb5 {[%clk 01:21:24]} {[%emt 00:02:05]} axb5 {[%clk 01:29:14]} {[%emt
00:00:09]} 22. Nd4 {[%clk 01:21:06]} {[%emt 00:00:48]} Rc5 {[%clk 01:28:54]}
{[%emt 00:00:49]} 23. Rxf6 {[%clk 01:18:18]} {[%emt 00:03:19]} gxf6 {[%clk
01:29:09]} {[%emt 00:00:16]} 24. Nd7 {[%clk 01:18:29]} {[%emt 00:00:19]} Rd5
{[%clk 01:28:48]} {[%emt 00:00:49]} 25. Nxf6+ {[%clk 01:18:39]} {[%emt
00:00:21]} Kg7 {[%clk 01:29:01]} {[%emt 00:00:17]} 26. Nxd5 {[%clk 01:18:53]}
{[%emt 00:00:15]} Rd8 {[%clk 01:28:50]} {[%emt 00:00:41]} 27. Re5 {[%clk
01:15:54]} {[%emt 00:03:29]} c6 {[%clk 01:28:36]} {[%emt 00:00:45]} 28. Nxc6
{[%clk 01:16:01]} {[%emt 00:00:23]} Rd6 {[%clk 01:28:29]} {[%emt 00:00:31]} 29.
Ncb4 {[%clk 01:15:41]} {[%emt 00:00:57]} f6 {[%clk 01:28:21]} {[%emt 00:00:37]}
30. Rh5 {[%clk 01:14:12]} {[%emt 00:01:58]} f5 {[%clk 01:25:12]} {[%emt
00:03:37]} 31. Rxf5 {[%clk 01:14:10]} {[%emt 00:00:34]} Kg6 {[%clk 01:25:25]}
{[%emt 00:00:18]} 32. g4 {[%clk 01:13:47]} {[%emt 00:00:51]} Kg7 {[%clk
01:21:54]} {[%emt 00:04:02]} 33. Nc7 {[%clk 01:12:53]} {[%emt 00:01:25]} Rd1+
{[%clk 01:21:59]} {[%emt 00:00:25]} 34. Rf1 {[%emt 00:00:57]} Rd4 {[%clk
01:21:55]} 35. Ne6+ {[%clk 01:13:05]} {[%emt 00:00:25]} Kg6 {[%clk 01:21:58]}
{[%emt 00:00:26]} 36. Nxd4 {[%clk 01:13:27]} {[%emt 00:00:08]} Kg5 {[%clk
01:22:13]} {[%emt 00:00:14]} 37. Nxb5 {[%clk 01:13:32]} {[%emt 00:00:27]} Kh4
{[%clk 01:22:25]} {[%emt 00:00:18]} 38. Kg2 {[%clk 01:13:34]} {[%emt 00:00:26]}
Kg5 {[%clk 01:22:32]} {[%emt 00:00:25]} 39. Kg3 {[%clk 01:13:40]} {[%emt
00:00:23]} Kg6 {[%emt 00:00:38]} 40. Nd5 {[%emt 00:00:54]} h5 {[%clk 01:20:29]}
{[%emt 00:01:03]} 41. gxh5+ {[%clk 01:13:54]} {[%emt 00:00:16]} Kxh5 {[%clk
01:20:49]} {[%emt 00:00:10]} 42. Kf4 {[%clk 01:13:37]} {[%emt 00:00:45]} Kh4
{[%clk 01:20:21]} {[%emt 00:00:59]} 43. Ke5 {[%clk 01:13:23]} {[%emt 00:00:44]}
Kxh3 {[%clk 01:20:41]} {[%emt 00:00:11]} 44. Rf7 {[%clk 01:13:19]} {[%emt
00:00:33]} Kg4 {[%clk 01:20:36]} {[%emt 00:00:36]} 45. Rf8 {[%clk 01:13:31]}
{[%emt 00:00:17]} Kg3 {[%clk 01:21:00]} {[%emt 00:00:08]} 46. Ke4 {[%clk
01:13:41]} {[%emt 00:00:20]} Kg2 {[%clk 01:21:21]} {[%emt 00:00:10]} 47. Ke3
{[%clk 01:13:52]} {[%emt 00:00:18]} Kg1 {[%clk 01:21:37]} {[%emt 00:00:14]} 48.
Ke2 {[%clk 01:14:07]} {[%emt 00:00:12]} Kg2 {[%clk 01:21:53]} {[%emt 00:00:17]}
49. Rg8 {[%clk 01:14:29]} {[%emt 00:00:08]} Kh3 {[%clk 01:22:14]} {[%emt
00:00:09]} 50. Kf2 {[%clk 01:14:32]} {[%emt 00:00:26]} Kh4 {[%clk 01:22:31]}
{[%emt 00:00:15]} 51. Kf3 {[%clk 01:14:46]} {[%emt 00:00:15]} Kh5 {[%clk
01:22:55]} {[%emt 00:00:07]} 52. Kf4 {[%clk 01:14:53]} {[%emt 00:00:22]} Kh6
{[%clk 01:23:20]} {[%emt 00:00:07]} 53. Kf5 {[%clk 01:15:13]} {[%emt 00:00:09]}
Kh7 {[%clk 01:23:44]} {[%emt 00:00:06]} 54. Rg1 {[%clk 01:15:35]} {[%emt
00:00:07]} Kh6 {[%clk 01:24:02]} {[%emt 00:00:13]} 55. b4 {[%clk 01:15:59]}
{[%emt 00:00:06]} Kh7 {[%clk 01:24:21]} {[%emt 00:00:11]} 56. Kf6 {[%clk
01:16:20]} {[%emt 00:00:09]} Kh8 {[%clk 01:24:41]} {[%emt 00:00:10]} 57. Kf7
{[%clk 01:16:42]} {[%emt 00:00:07]} Kh7 {[%clk 01:24:57]} {[%emt 00:00:15]} 58.
Rh1 {[%clk 01:17:05]} {[%emt 00:00:06]} 1-0